00732nam a2200193 a 4500008004100000020001500041050002100056100002000077245007700097250001200174260003300186300002300219350000900242650003600251650003400287995007800321999001700399952012200416120416s1981 ||||||||||||||||| || u a0070452687 aREF TJ 163.2 Mac aParker, Sybil P10aMcGraw-hill encyclopedia of energy. (2nd ed.)cedited by Sybil P. Parker a2nd ed. aNew York:bMcGraw-Hillc1981 aviii, 838p. : ill. a0.00 aPOWER (MECHANICS)--DICTIONARIES aPOWER RESOURCES--DICTIONARIES D0.00FCBU-MAIN LIBRARY (Kitwe)H1I59.95UREFERENCEZReference Collection c50791d50791 00102lcc4070a001b001cReference Collectiond2022-11-30l0oREF TJ 163.2 Macp712369r2022-11-30w2022-11-30y002